00455nam a22001457a 4500003000900000005001700009008002900026020001500055040002300070100002000093245011500113260003300228300002800261700002000289DO-SdBNP20170714143438.0170714b1994 xx | 00| 0 spa d a0590480502 aBPMSUbspa cBPMSU aPaola, Tomie de aLa leyenda de la flor El conejo : buna antigua leyenda de Texas /crecontada e ilustrada por Tomie de Paola  aNew York :bScholasticc1994 a30 p. :bil. ;c27 cm.  aPaola, Tomie de